Statistics for Every Peter Cetera song that hit the Billboard hot 100

Click here to take the quiz!

General Stats

  • This quiz has been taken 3 times
  • The average score is 4 of 13

Answer Stats

Peak Chart PositionYearSong% Correct
11986Glory Of Love (Theme From "The Karate Kid Part II")
67%
61989After All (Love Theme From "Chances Are")
67%
11986The Next Time I Fall
33%
41988One Good Woman
33%
81997Hard To Say I'm Sorry
33%
591988Best Of Times
33%
611987Big Mistake
33%
681993Even A Fool Can See
33%
711993Feels Like Heaven
33%
771997You're The Inspiration
33%
931988I Wasn't The One (Who Said Goodbye)
33%
451992Restless Heart
0%
861995Forever Tonight
0%

Score Distribution

Percentile by Number Answered

Percent of People with Each Score

Your Score History

You have not taken this quiz